| 000 | 00398nam a22001457a 4500 | ||
|---|---|---|---|
| 005 | 20150612101221.0 | ||
| 008 | 150612b xxu||||| |||| 00| 0 eng d | ||
| 040 | _cPK-LaUMT | ||
| 082 |
_aKHC 954.918 _bABU-T |
||
| 100 | _aابوظفر | ||
| 245 |
_aتاریخ سندھ _cابوظفر |
||
| 260 |
_aاعظم گڑہ _bدرمطبع معارف اعظم گڑہ _c1947 |
||
| 300 | _a390 ص | ||
| 942 | _cBK | ||
| 999 |
_c73081 _d73081 |
||